| 000 | 01341 a2200217 4500 | ||
|---|---|---|---|
| 001 | 41230 | ||
| 005 | 20260407155706.0 | ||
| 008 | 260407a1985 arg spa d | ||
| 003 | AR-UNSa-BCEJYS | ||
| 040 |
_aAR-UNSa-BCEJYS _bspa _cAR-UNSa-BCEJYS |
||
| 080 |
_a94(82) _xHistoria de Argentina |
||
| 245 | 1 | 0 | _aHistoria de las instituciones argentinas |
| 020 | _a950-14-1404-3 | ||
| 264 | 1 |
_aBuenos Aires : _bDepalma _c1985 |
|
| 300 |
_a279 p. _c23 cm. |
||
| 505 | _a1. El poder constituyente, concepto, finalidad, etapas y límites - 2. Autoridades e instituciones españolas. La verdadera influencia hispánica - 3. La idea de la independencia y las fuerzas para su consumación - 4. La revolución de Mayo - 5. Primeros ensayos de organización institucional - 6. La asamblea del año XIII. Proyectos de constitución. Los diputados orientales - 7. Federalismo y republicanismo.Unitarismo y tendencia monarquizante. 8. El régimen de los pactos. El congreso nacional de 1824-1827 - 9. Los pactos interprovinciales de 1829 a 1831, López, Quiroga y Rosas - 10. La generación de 1837 - 11. El proceso de la organización nacional - 12. La unión nacional - 13. Organización institucional después de Caseros - 20. El siglo XX - | ||
| 041 | _aspa | ||
| 942 | _cBK | ||
| 590 | _aniveau_biblio:m niveau_hierar:0 | ||
| 100 | 1 | _aBravo, Omar A. | |
| 999 |
_c3441 _d3441 |
||